Which country.. - Statistics

General Stats
  • This quiz has been taken 24 times
  • The average score is 12 of 15
Answer Stats
Question Answer % Correct
Which country borders Mexico? Belize
96%
Which country borders Sweden? Finland
92%
Which country borders Switzerland? Liechtenstein
92%
Which country borders United States of America? Mexico
92%
Which country borders Ethiopia? Somalia
88%
Which country borders North Korea? Russia
83%
Which country borders Egypt? Sudan
83%
Which country borders Brazil? Peru
79%
Which country borders Guinea? Sierra Leone
79%
Which country borders Zimbabwe? Zambia
79%
Which country borders Indonesia? East Timor
75%
Which country borders Armenia? Türkiye
71%
Which country borders China? Kyrgyzstan
67%
Which country borders Tajikistan? Uzbekistan
63%
Which country borders Montenegro? Bosnia and Herzegovina
58%
No matching quizzes found
Score Distribution
Percent of People with Each Score
Percentile by Number Answered
Your Score History
You have not taken this quiz